000 00599nam a22001817a 4500
005 20240418150129.0
010 _aENG-140157
020 _c695.00
_a9789354793943
035 _aEN-123689
037 _bDBAD
082 _a658.403
100 _aGressel, Simone
_964849
245 _aManagement Decision-Making, Big Data and Analytics
_cby Simone Gressel
260 _aNew Delhi
_bSAGE Publications India Pvt. Ltd
_c2022
270 _bNew Delhi
_aB1/1-1 Mohan Cooperative Industrial Area, Mathura Road
_e110044
300 _a237, v.p.
_c24cm(pbk)
942 _2ddc
_cEN
_h658.403
_mGRE
999 _c202168
_d202168